书目信息 |
| 题名: |
缓解压力500招
|
|
| 作者: | 奥利维亚 , Olivier 著 ;崔人元 , 李晓丽 译 | |
| 分册: | ||
| 出版信息: | 北京 中国社会科学出版社 2004.7 |
|
| 页数: | 348页 | |
| 开本: | 21cm | |
| 丛书名: | ||
| 单 册: | ||
| 中图分类: | B842.6-49 | |
| 科图分类: | ||
| 主题词: | 压抑(心理学)--通俗读物 | |
| 电子资源: | ||
| ISBN: | 7-5004-4521-0 | |
| 000 | 00942nam0 2200265 45 | |
| 001 | 012004000000 | |
| 005 | 20041026145740.98 | |
| 010 | @a7-5004-4521-0@dCNY 26.00 | |
| 100 | @a20040916d2004 em y0chiy0121 ea | |
| 101 | 1 | @achi@ceng |
| 102 | @aCN@b110000 | |
| 105 | @ay z 000yy | |
| 200 | 1 | @a缓解压力500招@Ahuan jie ya li 500 zhao@d500 of the most important stress-busting tips you'll ever need@f(英)苏珊娜·奥利维亚(Suzannah Olivier)著@g崔人元, 李晓丽译@zeng |
| 210 | @a北京@c中国社会科学出版社@d2004.7 | |
| 215 | @a348页@d21cm | |
| 320 | @a本书含附录 | |
| 510 | 1 | @a500 of the most important stress-busting tips you'll ever need@zeng |
| 606 | 0 | @a压抑(心理学)@j通俗读物 |
| 690 | @aB842.6-49@v4 | |
| 701 | 1 | @a奥利维亚@Aao li wei ya@b苏珊娜@4著 |
| 701 | A1 | @aOlivier@bSuzannah@4著 |
| 702 | 0 | @a崔人元@Acui ren yuan@4译 |
| 702 | 0 | @a李晓丽@Ali xiao li@4译 |
| 801 | 0 | @aCN@bQSSKxf@c20041026 |
| 905 | @a10447@dB842.6-49@eS855 | |
| 缓解压力500招=500 of the most important stress-busting tips you'll ever need/(英)苏珊娜·奥利维亚(Suzannah Olivier)著/崔人元, 李晓丽译.-北京:中国社会科学出版社,2004.7 |
| 348页;21cm |
| ISBN 7-5004-4521-0:CNY 26.00 |
| ● |
| 相关链接 |
|
|
|
正题名:缓解压力500招
索取号:B842.6-49/S855
 
预约/预借
| 序号 | 登录号 | 条形码 | 馆藏地/架位号 | 状态 | 备注 |
| 1 | 423005 | 204230055 | 社科库509/509社科库 37排3列2层/ [索取号:B842.6-49/S855] | 在馆 | |
| 2 | 423006 | 204230064 | 社科库509/509社科库 37排3列2层/ [索取号:B842.6-49/S855] | 在馆 | |
| 3 | 423007 | 204230073 | 社科库509/ [索取号:B842.6-49/S855] | 在馆 |